000
00234nam a2200121Ia 4500
100
_a
World Book Inc.
650
_a
General
942
_c
BK
245
_a
People & Places
260
_b
#N/A
_c
1990
300
_a
149
546
_a
ENGLISH
999
_c
34624
_d
34624